00613nam a2200181Ia 4500952013100000999001700131003000400148005001700152008004100169040000900210082002200219100003100241245003700272260005100309300000800360650001300368942005000381 00102ddc40708SSaMESbMEScMALd2019-02-20g30.00l0o894.812301 KER/Mp28858r2019-02-20 00:00:00w2019-02-20yBKzGR30R2 c28228d28228OSt20210106094922.0190216s9999||||xx |||||||||||||| ||und|| coclc a894.812301bKER/M aKerala Writers Forum98170 0aMaattoli /cKerala Writers Forum bVisala Airali Publications,c1997.aKottayam: a92p aKathakal cBK2ddch894.812301iKER/Mk894.812301mKER/M